00547nam a22001817a 450000500170000001000150001702000260003203500140005803700130007208200120008510000240009724500850012125000120020626000370021827000640025530000260031950000200034520190213104328.0 aENG-124711 c525.00a9789352301935 aEN-108243 bDBAD/PUB a615.329 aMaddali, Ravi Kumar aPharmaceutical microbiology :ba comprehensive approach /cby Ravi Kumar Maddali a2nd ed. aHyderabadbPharmaMed Pressc2018 a4-4-309/316, Giriraj Lane,Sultan Bazar,,bHyderabade500095 axx,677p. c24cm (pbk) a includes index